Persawahan dalam masyarakat Melayu Kedah sebelum perang (Record no. 163336)

MARC details
000 -LEADER
fixed length control field 00590njm a2200181 i 4500
001 - CONTROL NUMBER
control field C2-0260714
003 - CONTROL NUMBER IDENTIFIER
control field PPAK
005 - DATE AND TIME OF LATEST TRANSACTION
control field 20180729152240.0
008 - FIXED-LENGTH DATA ELEMENTS--GENERAL INFORMATION
fixed length control field 041027s2001 my |||| ||||| | may d
040 ## - CATALOGING SOURCE
Original cataloging agency PPAK
Language of cataloging eng
Transcribing agency PPAK
Description conventions rda
245 00 - TITLE STATEMENT
Title Persawahan dalam masyarakat Melayu Kedah sebelum perang
264 #1 - PRODUCTION, PUBLICATION, DISTRIBUTION, MANUFACTURE, AND COPYRIGHT NOTICE
Place of production, publication, distribution, manufacture Alor Setar, Kedah :
Name of producer, publisher, distributor, manufacturer Perbadanan Perpustakaan Awam Kedah ,
Date of production, publication, distribution, manufacture, or copyright notice 2001
336 ## - CONTENT TYPE
Source rdacontent
Content type term text
337 ## - MEDIA TYPE
Source rdamedia
Media type term unmediated
338 ## - CARRIER TYPE
Source rdacarrier
Carrier type term volume
500 ## - GENERAL NOTE
General note Tiada transkripsi ; Dirakam pada 11/02/2001 ; Rakaman majlis sembang-sembang
942 ## - ADDED ENTRY ELEMENTS (KOHA)
-- dc
Koha item type Book
Holdings
Withdrawn status Lost status Source of classification or shelving scheme Damaged status Not for loan Current library Shelving location Date acquired Full call number Barcode Date last seen Koha item type
    Dewey Decimal Classification   Not For Loan Perpustakaan Alor Setar Koleksi Kedah 27/10/2004 PK 435/01 ; PK 436/01 ; PK 437/01 ; PK 438/01 A00157663 05/07/2018 Cassette
    Dewey Decimal Classification   Not For Loan Perpustakaan Alor Setar Koleksi Kedah 27/10/2004 PK 435/01 ; PK 436/01 ; PK 437/01 ; PK 438/01 A00157665 05/07/2018 Cassette
    Dewey Decimal Classification   Not For Loan Perpustakaan Alor Setar Koleksi Kedah 27/10/2004 PK 435/01 ; PK 436/01 ; PK 437/01 ; PK 438/01 A00157666 05/07/2018 Cassette
    Dewey Decimal Classification   Not For Loan Perpustakaan Alor Setar Koleksi Kedah 27/10/2004 PK 435/01 ; PK 436/01 ; PK 437/01 ; PK 438/01 A00157664 05/07/2018 Cassette